| 000 | 00834cab a2200181 4500 | ||
|---|---|---|---|
| 001 | ABS43207 | ||
| 008 | 090401t1990 xxu||||| |||| 00| 0 eng d | ||
| 035 | _a(Sirsi) u40802 | ||
| 041 | _aeng | ||
| 245 | _aDance and another v Welwyn Hatfield DC | ||
| 260 | _c1990 | ||
| 350 | _a0 | ||
| 490 |
_aWeekly Law Reports _v(1990) 1 WLR 1097-1107(11) |
||
| 520 | _aCA 29 March 1990. The court held that tenants (D), were entitled to an injunction to enforce W, which had issued a notice seeking possession of D`s tenanted property for demolition purposes, to complete the sale of the property, which D was to buy under Housing Act 1985 s118(1)(a) . Although D had deferred the purchase, they had an equitable interest in the house. | ||
| 690 | _aMANAGEMENT-BUSINESS MANAGEMENT-PROFESSIONAL PRACTICE | ||
| 942 | _n0 | ||
| 948 | _c04/03/1997 | ||
| 999 |
_c26149 _d26149 |
||